000 00383 a2200121 4500
001 ART_18543
005 20260410161703.0
008 260409a
245 1 0 _aLa deducción de incobrables y su vincilación con el tratamiento contable
100 1 _aGebhardt, Jorge
700 1 _aMalvitano, Rubén H.
773 0 _tRevista Impuestos
_g- Nº 10 (oct. 2011)
_wREV639
999 _c15325
_d15325